000 00289nam a2200121Ia 4500
005 20251222143231.0
008 251222s9999||||xx |||||||||||||| ||spa||
082 _a305.3/M22
100 _aMansilla, MarĂ­a Eugenia
245 0 _aIgualdad de oportunidades:
264 _bUCSS
942 _cLIB
999 _c14186
_d14186